00380 a2200109 4500001001000000005001700010008004100027245008300068100002700151773007500178999001700253ART_4481020260410162024.0260409a 10aInteracciones entre transición demográfica y epidemiológica en Nicaragua1 aDi Cesare, Mariachiara0 tNotas de poblacióng- Año XXXVI, Nº 89 (jul./dic. 2009)wREV41841 c33369d33369